Livre à l'auteur n°12 - Statistiques

Statistiques générales
  • Ce quiz a été pris 164 fois
  • Le résultat moyen est 5 sur 14
Statistiques - réponses
Livre Auteur % Correct
Roméo et Juliette William Shakespeare
95%
Tintin au pays des Soviets Hergé
86%
Pantagruel François Rabelais
76%
Le Bateau ivre Arthur Rimbaud
62%
La Chatte sur un toit brûlant Tennessee Williams
30%
La Mort à Venise Thomas Mann
29%
Oncle Vania Anton Tchekhov
28%
La Machine infernale Jean Cocteau
25%
Tarass Boulba Nicolas Gogol
22%
Querelle de Brest Jean Genet
17%
Série Twilight Stephenie Meyer
17%
Le Maître des illusions Donna Tartt
12%
L'Honneur perdu de Katharina Blum Heinrich Böll
9%
Portrait de l'artiste en jeune homme James Joyce
7%
Aucun quiz correspondant
Distribution des résultats
% des personnes avec chaque résultat
Percentile par nombre de réponses
Votre historique - résultats
Vous n’avez pas pris ce quiz